000 01125nam a2200205Ia 4500
003 Ost
005 20260507075024.0
008 260507s9999||||xx |||||||||||||| ||und||
040 _cfsecg
041 _aara
082 _a330
100 _aالقباني، ثناء علي
_eمؤلف
245 0 _aنظم المعلومات المحاسبة /
_c ثناء علي القباني
260 _aالإسكندرية:
_bالدار الجامعية,
_c2003
300 _a476 صفحة؛
_bإيضاحات ؛
_c24 سم
520 _aنظم المعلومات والمحاسبة- خرائط التدقيق ومخطط تدقيق البيانات- تكنولوجيا الحاسب- نظم إدارة قواعد البيانات- العناصر الرقابية لتشغيل البيانات- التشغيل الإلكتروني للتطبيقات المحاسبية- دورة الأستاذ العام- دورة الإيراد- دور النفقات- دور إدارة الموارد- دورة الإنتاج
653 _aالمحاسبة
653 _aنظم المعلومات- المؤسسة الممتدة
942 _cكتاب
999 _c42309
_d42309